Komunikasi berkesan, jilid 2 : Penulisan memo, surat, iklan, laporan (minit mesyurat)

Bibliographic Details
Main Author: SULAIMAN Masri
Format: Book
Published: Shah Alam : Fajar Bakti , 1997
Subjects:

MARC

LEADER 00000cam a2200000 7i4500
001 0000000163
005 20000711.0
020 0 0 |a 9676540692 
090 0 0 |a 808.02   |b SUL 1997 
100 0 0 |a SULAIMAN Masri 
245 1 0 |a Komunikasi berkesan, jilid 2 :   |b Penulisan memo, surat, iklan, laporan (minit mesyurat)   |c Sulaiman Masri 
260 0 0 |a Shah Alam :   |b Fajar Bakti ,   |c 1997 
300 |a xi, 129 p. ;   |c 23 cm. 
500 0 0 |a Bibliography: [p. 127] and index 
650 0 0 |a Communication 
650 0 0 |a Reporters and reporting 
650 0 0 |a Written communication 
999 |a 0000000979   |b Monograph   |c Open Shelf   |e Default branch